भारत की आत्मा सामाजिक समरसता (Record no. 1235732)
[ view plain ]
| 000 -LEADER | |
|---|---|
| fixed length control field | 00816nam a2200229Ia 4500 |
| 005 - DATE AND TIME OF LATEST TRANSACTION | |
| control field | 20250108125116.0 |
| 008 - FIXED-LENGTH DATA ELEMENTS--GENERAL INFORMATION | |
| fixed length control field | 008 250107s9999 xx 000 0 hin d |
| 020 ## - INTERNATIONAL STANDARD BOOK NUMBER | |
| International Standard Book Number | 978-93-83848-80-5 |
| 037 ## - SOURCE OF ACQUISITION | |
| Stock number | TB |
| 040 ## - CATALOGING SOURCE | |
| Original cataloging agency | CRL |
| Language of cataloging | hin |
| Transcribing agency | CRL |
| 041 ## - LANGUAGE CODE | |
| Language code of text/sound track or separate title | hin |
| Source of code | hin |
| 084 ## - COLON CLASSIFICATION NUMBER | |
| Classification number | X:51-76.2'C R3 |
| 084 ## - COLON CLASSIFICATION NUMBER | |
| Assigning agency | CRL |
| 100 ## - MAIN ENTRY--PERSONAL NAME | |
| Personal name | गुप्तिसागर, ले. |
| 245 #0 - TITLE STATEMENT | |
| Title | भारत की आत्मा सामाजिक समरसता |
| Statement of responsibility, etc. | गुप्तिसागर, ले. |
| 260 ## - PUBLICATION, DISTRIBUTION, ETC. | |
| Place of publication, distribution, etc. | दिल्ली, भारत |
| Name of publisher, distributor, etc. | प्रभात प्रकाशन |
| Date of publication, distribution, etc. | 3344 |
| 300 ## - PHYSICAL DESCRIPTION | |
| Extent | 336पृ0 |
| 365 ## - TRADE PRICE | |
| Price type code | INR |
| Price amount | 900 |
| 650 ## - SUBJECT ADDED ENTRY--TOPICAL TERM | |
| Topical term or geographic name entry element | आध्यात्मिक अनुभव और रहस्यवाद |
| 942 ## - ADDED ENTRY ELEMENTS (KOHA) | |
| Koha item type | Textbook |
| Classification part | X:51-76.2'C R3 |
| Withdrawn status | Lost status | Damaged status | Not for loan | Home library | Current library | Date acquired | Source of acquisition | Cost, normal purchase price | Total Checkouts | Full call number | Barcode | Date last seen | Date last checked out | Price effective from | Koha item type |
|---|---|---|---|---|---|---|---|---|---|---|---|---|---|---|---|
| Central Library | Arts Library | 2025-01-08 | Gift, 26/07/2024, | 900.00 | 1 | Delta3y7N57 152R4 | CL1699356 | 2025-11-20 | 2025-11-07 | 2025-01-08 | Textbook |
